L'Alsace-Lorraine, histoire d'une annexion... / (Record no. 140496)

MARC details
000 -LEADER
campo de control de longitud fija 00635nam a2200205 i 4500
001 - NÚMERO DE CONTROL
campo de control 140496
003 - IDENTIFICADOR DE NÚMERO DE CONTROL
campo de control ES-MaACL
005 - FECHA Y HORA DE LA ÚLTIMA TRANSACCIÓN
campo de control 20230906200106.0
007 - CAMPO FIJO DE DESCRIPCIÓN FÍSICA--INFORMACIÓN GENERAL
campo de control de longitud fija t|
008 - DATOS DE LONGITUD FIJA--INFORMACIÓN GENERAL
campo de control de longitud fija 070214s1916 fr r ||||1| fre d
100 1# - ENTRADA PRINCIPAL--NOMBRE DE PERSONA
Nombre de persona Séailles, Gabriel.
9 (RLIN) 104982
245 12 - MENCIÓN DEL TÍTULO
Título L'Alsace-Lorraine, histoire d'une annexion... /
Mención de responsabilidad, etc. Gabriel Séailles.
260 ## - PUBLICACIÓN, DISTRIBUCIÓN, ETC.
Lugar de publicación, distribución, etc. Paris :
Nombre del editor, distribuidor, etc. Ligue des droits de l'homme et du citoyen,
Fecha de publicación, distribución, etc. 1916.
300 ## - DESCRIPCIÓN FÍSICA
Extensión 64 p. ;
Dimensiones cm.
490 1# - MENCIÓN DE SERIE
Mención de serie Bibliothèque de guerre
650 #4 - PUNTO DE ACCESO ADICIONAL DE MATERIA--TÉRMINO DE MATERIA
Término de materia o nombre geográfico como elemento de entrada Cuestión de Alsacia-Lorena.
9 (RLIN) 156483
830 0# - PUNTO DE ACCESO ADICIONAL DE SERIE-TÍTULO UNIFORME
Título uniforme Bibliothèque de guerre
9 (RLIN) 220331
852 ## - LOCALIZACIÓN
Ubicación ES-MaACL
Número de control de estantería 1480-F-8
Holdings
Estatus retirado Estado de pérdida Estado de daño No para préstamo Colección Biblioteca de origen Biblioteca actual Ubicación en estantería Fecha de adquisición Fuente de adquisición Total de préstamos Signatura topográfica completa Código de barras Visto por última vez Precio de reemplazo Tipo de ítem Koha
        Colección de folletos Biblioteca del Ateneo de Madrid Biblioteca del Ateneo de Madrid Depósito folletos 17/01/2008     1480-F-8 1146205 23/02/2023 23/02/2023 Folleto